महाराजा रणजीत सिंह/ (Record no. 209892)

MARC details
000 -LEADER
fixed length control field 01216nam a22002057a 4500
005 - DATE AND TIME OF LATEST TRANSACTION
control field 20250728115316.0
010 ## - LCCN (DPL NO)
LC control number B-765786-5796 25BACHN25
020 ## - INTERNATIONAL STANDARD BOOK NUMBER
Terms of availability 495.00
International Standard Book Number 9789392325304
035 ## - SYSTEM CONTROL NUMBER
System control number B-765786-5796
037 ## - SOURCE OF ACQUISITION
Source of stock number/acquisition अनुराग प्रकाशन
082 ## - DEWEY DECIMAL CLASSIFICATION NUMBER
Classification number 921
100 ## - MAIN ENTRY--PERSONAL NAME
Personal name शर्मा, भावना
245 ## - TITLE STATEMENT
Title महाराजा रणजीत सिंह/
Statement of responsibility, etc भावना शर्मा
250 ## - EDITION STATEMENT
Edition statement 1
260 ## - PUBLICATION, DISTRIBUTION, ETC. (IMPRINT)
Place of publication, distribution, etc नई दिल्ली
Name of publisher, distributor, etc अनुराग प्रकाशन
Date of publication, distribution, etc 2024
270 ## - ADDRESS
City नई दिल्ली
Address 4760-61, दि्वतीय तल, 23, अंसारी रोड, दरियागंज
Postal code 110002
300 ## - PHYSICAL DESCRIPTION
Extent 156पृ.
Dimensions 22सेमी(सजिल्द)
942 ## - ADDED ENTRY ELEMENTS (KOHA)
Source of classification or shelving scheme Dewey Decimal Classification
Item type Hindi Books
Call number suffix शर्माभा
Classification part 920
Holdings
Withdrawn status Lost status Not for loan Collection code Home library Current library Date acquired Source of acquisition Cost, normal purchase price Full call number Barcode Copy number Cost, replacement price Koha item type
      Non-fiction Ashok Vihar Ashok Vihar 28/07/2025 अनुराग प्रकाशन/3636/24.03.2025/92/21.03.2025/25.03.2025 495.00 शर्माभा 920 B-765788 1 495.00 Hindi Books
      Non-fiction Bawana Bawana 28/07/2025 अनुराग प्रकाशन/3636/24.03.2025/92/21.03.2025/25.03.2025 495.00 शर्माभा 920 B-765793 1 495.00 Hindi Books
      Non-fiction Central Library Central Library 28/07/2025 अनुराग प्रकाशन/3636/24.03.2025/92/21.03.2025/25.03.2025 495.00 शर्माभा 920 B-765786 1 495.00 Hindi Books
      Non-fiction Janak Puri Janak Puri 28/07/2025 अनुराग प्रकाशन/3636/24.03.2025/92/21.03.2025/25.03.2025 495.00 शर्माभा 920 B-765790 1 495.00 Hindi Books
      Non-fiction Narela Narela 28/07/2025 अनुराग प्रकाशन/3636/24.03.2025/92/21.03.2025/25.03.2025 495.00 शर्माभा 920 B-765792 1 495.00 Hindi Books
      Non-fiction New Police Line New Police Line 28/07/2025 अनुराग प्रकाशन/3636/24.03.2025/92/21.03.2025/25.03.2025 495.00 शर्माभा 920 B-765787 1 495.00 Hindi Books
      Non-fiction Patel Nagar Patel Nagar 28/07/2025 अनुराग प्रकाशन/3636/24.03.2025/92/21.03.2025/25.03.2025 495.00 शर्माभा 920 B-765789 1 495.00 Hindi Books
      Non-fiction Sarojini Nagar Sarojini Nagar 28/07/2025 अनुराग प्रकाशन/3636/24.03.2025/92/21.03.2025/25.03.2025 495.00 शर्माभा 920 B-765791 1 495.00 Hindi Books
      Non-fiction Shahdara Branch Shahdara Branch 28/07/2025 अनुराग प्रकाशन/3636/24.03.2025/92/21.03.2025/25.03.2025 495.00 शर्माभा 920 B-765794 1 495.00 Hindi Books
      Non-fiction Vigyan Vihar Vigyan Vihar 28/07/2025 अनुराग प्रकाशन/3636/24.03.2025/92/21.03.2025/25.03.2025 495.00 शर्माभा 920 B-765796 1 495.00 Hindi Books
      Non-fiction Yojana Vihar Yojana Vihar 28/07/2025 अनुराग प्रकाशन/3636/24.03.2025/92/21.03.2025/25.03.2025 495.00 शर्माभा 920 B-765795 1 495.00 Hindi Books

© Delhi Public Library
Hit Counter
free hit counter